logo

Bir Sreshtho Munshi Abdur Rouf Library
Jhenaidah Cadet College

A Text Book on Co-ordinate Geometry two and three dimensions with Victor Analysis / (Record no. 5172)

MARC details
000 -LEADER
fixed length control field 00723nam a2200253 a 4500
001 - CONTROL NUMBER
JCCL Control Number 5172
003 - CONTROL NUMBER IDENTIFIER
JCCL marc code BD-JhCC
005 - DATE AND TIME OF LATEST TRANSACTION
control field 20180417085409.0
008 - FIXED-LENGTH DATA ELEMENTS--GENERAL INFORMATION
fixed length control field 171210s19682009bg a|||| || | 000 0 eng d
035 ## - SYSTEM CONTROL NUMBER
system control number (BD-JhCC)5172
040 ## - CATALOGING SOURCE
Original cataloging agency BD-JhCC
Modifying agency BD-JhCC
041 ## - LANGUAGE CODE
Language code of Book eng
082 ## - DEWEY DECIMAL CLASSIFICATION NUMBER
Classification number 516.5
Author mark and Year RAH 2009
100 ## - MAIN ENTRY--PERSONAL NAME
Personal name Rahman, A. F. M. Abdur
245 ## - TITLE STATEMENT
Title A Text Book on Co-ordinate Geometry two and three dimensions with Victor Analysis /
Statement of responsibility, etc A. F. M. Abdur Rahman & P. K. Bhattacharjee
260 ## - PUBLICATION, DISTRIBUTION, ETC. (IMPRINT)
Place of publication, distribution, etc Dhaka :
Name of publisher, distributor, etc New Book Palace,
Date of publication, distribution, etc 2009
300 ## - PHYSICAL DESCRIPTION
Pagination 167 p. :
Dimensions 24 cm.
650 ## - SUBJECT ADDED ENTRY--TOPICAL TERM
Topical term or geographic name as entry element Co-ordinates
650 ## - SUBJECT ADDED ENTRY--TOPICAL TERM
Topical term or geographic name as entry element Victor analysis
650 ## - SUBJECT ADDED ENTRY--TOPICAL TERM
Topical term or geographic name as entry element Calculus
700 ## - ADDED ENTRY--PERSONAL NAME
Personal name Bhattacharjee, P. K.
942 ## - ADDED ENTRY ELEMENTS (KOHA)
Source of classification or shelving scheme Dewey Decimal Classification
Koha item type Books
Holdings
Source of classification or shelving scheme Damaged status Not for loan Home library Current library Shelving location Date of accession Total Checkouts Full call number Barcode Date last seen Copy number Koha item type Cost, normal purchase price Date checked out
Dewey Decimal Classification     JCC Rouf Library JCC Rouf Library General Stacks 12/10/2017   516.5 RAH 2009 7115 12/10/2017 C-1 Books    
Dewey Decimal Classification     JCC Rouf Library JCC Rouf Library Fiction 02/13/2018 1 516.5 RAH 2009 8607 03/16/2023 C-2 Books 200.00 02/15/2022

JCC Library | Contacts | JCC Home

Last Update on 23 September 2017
Copyright @ 2017-2020 JCC Rouf Library
Rouf Library, Jhenidah Cadet College (JCC), Bangladesh